000
00219 a2200097 4500
001
13964
100
_a
Mendelson Ed
245
_a
W.H. auden selected poems
260
_a
London
_b
Faber & Faber
_c
090
_c
10927
_d
10927
942
_a
NUST-CAE
_c
M
_c
1033
999
_c
249037
_d
249037